000 00916nas a2200265 4500
001 BR8102140
003 BR-BrBNA
005 20231205084634.0
007 ta
008 230509b bl.|||p| |||| 00| 00por d
040 _aBR-BrBNA
_bpor
_cBiblioteca Nacional de Agricultura
041 _a(Pt)
072 _aF22
100 1 _aFreire, w.j. (Universidade Estadual de Sao Paulo, Botucatu, (Brazil))
245 1 _aA carboximetilcelulose e seu efeito sobre algumas caracteristicas fisicas do solo
246 1 _a[Carboxymethylcellulose and its effect on some physical characteristics of the soil]
650 _aFisica do solo
650 _aCarboximetilcelulose
650 _aSolo
650 _aCompactacao do solo
650 _aPermeabilidade
773 0 _tRevista Ceres (Brazil)
_xISSN 0034-737X
_g(1980), v. 27 (151) p. 224-235
_wBR8102140
909 _a202311
_bLúcia
_c55
_dLúcia Elande
942 _2AGRIS
_n0
_cANA
999 _c106388
_d106388